Countries with Yellow on their Flag - Sudden Death - Statistics

General Stats
  • This quiz has been taken 52 times
  • The average score is 8 of 15
Answers on the Grid
Answers color-coded by a green-red scale on the quiz's grid according to % correct below.
Afghanistan
Colombia
Tunisia
Croatia
Germany
DRC
Brunei
New Zealand
Cuba
South Africa
Yemen
Botswana
Moldova
Iran
Comoros
Tuvalu
Estonia
Cameroon
Latvia
Maldives
Lithuania
Mexico
Palau
Vietnam
Uzbekistan
Bosnia and Herzegovina
Papua New Guinea
UAE
Belize
Venezuela
 
Answer Stats
Answer % Correct
Germany
78%
Palau
78%
Brunei
67%
Venezuela
67%
Cameroon
56%
Colombia
56%
DRC
56%
Bosnia and Herzegovina
44%
Lithuania
44%
Moldova
44%
Papua New Guinea
44%
Vietnam
44%
Comoros
33%
South Africa
33%
Tuvalu
22%
No matching quizzes found
Score Distribution
Percent of People with Each Score
Percentile by Number Answered
Your Score History
You have not taken this quiz